La pobreza de las naciones (Record no. 49836)

MARC details
000 -LEADER
fixed length control field 00760nam a22002177a 4500
005 - DATE AND TIME OF LATEST TRANSACTION
control field 20251104092141.0
008 - FIXED-LENGTH DATA ELEMENTS--GENERAL INFORMATION
fixed length control field 251104b mx ||||| |||| 00| 0 spa d
050 04 - LIBRARY OF CONGRESS CALL NUMBER
Classification number HC412
Item number M97 1975
100 1# - MAIN ENTRY--PERSONAL NAME
Personal name Myrdal, Gunnar
240 ## - UNIFORM TITLE
Uniform title asian drama. an inquiry into the poverty of nations.
Language of a work Español.
245 13 - TITLE STATEMENT
Title La pobreza de las naciones
Statement of responsibility, etc / Gunnar Myrdal ; traducción de Joaquim Sempere.
250 ## - EDITION STATEMENT
Edition statement 1a ed.
260 ## - PUBLICATION, DISTRIBUTION, ETC. (IMPRINT)
Place of publication, distribution, etc México :
Name of publisher, distributor, etc Siglo Veitiuno Editores,
Date of publication, distribution, etc 1975
300 ## - PHYSICAL DESCRIPTION
Extent 459 p. ;
Dimensions 18 cm.
490 0# - SERIES STATEMENT
Series statement Economía y demografía
500 ## - GENERAL NOTE
General note Incluye índice
651 #7 - SUBJECT ADDED ENTRY--GEOGRAPHIC NAME
Source of heading or term lemb
Geographic name Asia del Sur
General subdivision Condiciones económicas
651 #7 - SUBJECT ADDED ENTRY--GEOGRAPHIC NAME
Source of heading or term lemb
Geographic name Asia Sudoriental
General subdivision Condiciones económicas
700 1# - ADDED ENTRY--PERSONAL NAME
Personal name Sempere, Joaquim
Relator term traductor.
942 ## - ADDED ENTRY ELEMENTS (KOHA)
Source of classification or shelving scheme Biblioteca del Cogreso de los Estados Unidos
Koha item type Libro
Holdings
Estado de pérdida Fuente de clasificación Estado del daño No para préstamo Ubicación permanente Ubicación actual Apartado o colección Fecha de adquisición Fuente de adquisición Edición Enumeración de Serie / Cronológica Dependencia de educación superior (DES) Área del conocimiento Clasificación Código de Barras Date last seen Número de copia Costo por reposición Tipo de recurso
  Biblioteca del Cogreso de los Estados Unidos   Uso interno Biblioteca Biblioteca de la Facultad de Economía Biblioteca de la Facultad de Economía General 03/11/2025 Unidad Académica 1a ed. Ciencias Económico Administrativas Ciencias Sociales y Administrativas HC412 M97 1975 BFE000007660 04/03/2014 1 1.00 Libro
  Biblioteca del Cogreso de los Estados Unidos     Biblioteca de la Facultad de Economía Biblioteca de la Facultad de Economía General 03/11/2025 Unidad Académica 1a ed. Ciencias Económico Administrativas Ciencias Sociales y Administrativas HC412 M97 1975 BFE000010993 05/04/2017 2 1.00 Libro